00266nam a2200097Ia 4500008004000000082001600040100002100056245003800077260004200115300001100157210210b1981 xxu||||| |||| 00| 0 eng d a001.64 BARI aBARTEE (Thomas). aIntroduction to Computer Science. aAucklandbMcGraw-Hill book Co.,c1981 axi,404